Завод за селскостопански машини "Георги Димитров" (Запис номер 411507)
[ съкратено ]
| 000 -Лидер | |
|---|---|
| Контролно поле с фиксирана дължина | 01302nam a2200301 a 4500 |
| 003 - Код на организацията, давaща контролен номер | |
| Контролно поле | BLK |
| 005 - Дата и час на последна редакция | |
| Контролно поле | 20230823115056.0 |
| 008 - Елементи от данни с фиксирана дължина | |
| fixed length control field | 210427b bu |||||r|||| 00| | bu d |
| 040 ## - Източник на каталожния запис | |
| Идентификатор на билиотеката - собственик на записа | BLK |
| 041 ## - Код за език | |
| Код за езика на текст/звукозапис или на отделно заглавие | Български |
| Код за езика КДБФ | Български |
| 080 ## - УДК | |
| Текстов определител УДК | Селскостопански машини и инструменти. Селскостопанско машиностроене |
| УДК код - определител по УДК | 631.3 |
| УДК определител | (497.215) |
| УДК - код + определител | 631.3(497.215) |
| 100 ## - Редна дума - Автор | |
| R(LIN) | 451024 |
| Автор | Джерекарова, Славка Заглавие |
| Авторска отговорност | първи автор |
| 139 ## - Редно поле | |
| Редна дума | Джерекарова, Славка |
| Авторски знак | Дже - Д 50 |
| 245 ## - Сведения за заглавието | |
| Заглавие | Завод за селскостопански машини "Георги Димитров" |
| Подзаглавни данни | Очерк |
| Редно поле (дума) | Славка Джерекарова |
| Физически носител (вид на носителя) | |
| Дата на създаване на произведението | |
| 260 ## - Област на издателските данни | |
| 9 (RLIN) | 212206 |
| Място на издаване, разпространение и проч. | София |
| Име на издателя, разпространителя и проч. | БКП |
| Година на издаване | 1955 |
| 300 ## - Физическа характеристика | |
| Страници | 43 с. : ил. |
| Размери/Мащаб | 20 см |
| 380 ## - Жанр | |
| Жанр | Селско стопанство |
| 490 ## - СЕРИИ (Колекции) | |
| 9 (RLIN) | 205748 |
| Име на серия | Нашето социалистическо строителство |
| №: серия | 2 |
| 650 #0 - Допълнително описание по предмет – тема | |
| 9 (RLIN) | 274068 |
| Основно описание – тема или топоним | Селскостопански машини и оръдия |
| 651 #7 - Допълнително описание по предмет - топоним | |
| 9 (RLIN) | 179462 |
| Географско понятие | Русе |
| 653 #7 - Ключова дума – ненормативна | |
| 9 (RLIN) | 190686 |
| Ключова дума | машиностроителни заводи |
| 852 ## - Местоположение | |
| Форматна сигнатура | К 63/Д 50 С |
| Фондова буква | Краезнание |
| 999 ## - СИСТЕМНИ КОНТРОЛНИ НОМЕРА | |
| Koha biblionumber | 411507 |
| Koha biblioitemnumber | 411507 |
| 942 ## - АРТИКУЛИ | |
| Вид на библиотечния материал | Книги |
| Скрит в OPAC | Не |
| Периодичен библиозапис | Да |
| Koha issues (borrowed), all copies | 1 |
| 944 ## - СЪЗДАВАНЕ И РЕДАКЦИЯ на ЗАПИСА | |
| Създаване/Редакция | Създаване |
| Дата на регистрацията/редакция | 2021-04-27 |
| Служител, извършил регистрацията/редакцията | 30535 |
| Статус, дата на статуса | Христина Везирева |
| 999 ## - СИСТЕМНИ КОНТРОЛНИ НОМЕРА | |
| Koha biblioitemnumber | 411507 |
| 999 ## - СИСТЕМНИ КОНТРОЛНИ НОМЕРА | |
| Koha biblioitemnumber | 411507 |
| 999 ## - СИСТЕМНИ КОНТРОЛНИ НОМЕРА | |
| Koha biblioitemnumber | 411507 |
| Код за отписване | Код за изгубен артикул | Източник на класификационната схема | Код за повреда | Коз за рестрикции | Код за отдаване | Артикулен № | Име на библиотеката - собственик | Име на библиотеката, в която се намира в момента | Статус (Текущо местоположение) | Дата на вписване в системата | Местоположение - отдел | Цена в лева | Инвентарен номер | Систематично азбучна сигнатура | Баркод | Цена в евро | Служебен тип на артикула |
|---|---|---|---|---|---|---|---|---|---|---|---|---|---|---|---|---|---|
| Не е изгубен | Universal Decimal Classification | Не е повреден | само за читалня | ползва се в читалня | 827198 | Регионална библиотека "Любен Каравелов" Русе | Регионална библиотека "Любен Каравелов" Русе | Краезнание | 2021-04-28 | Краезнание | 0.15 | 3141/55 | К 63/Д 50 С | 900000058230 | 0.08 | Книги |